000
00302nam a2200121Ia 4500
005
20251222155141.0
008
251222s9999||||xx |||||||||||||| ||spa||
082
_a
CIE.27
100
_a
larry stephens.
245
0
_a
Matematics for nurses second editions
264
_b
McGraw-Hill Inter.
942
_c
LIB
999
_c
39178
_d
39178